載入...

Encyclopaedia britannica vol-14 /

書目詳細資料
主要作者: Preece, Warren E.
格式: Printed Book
語言:English
出版: Chicago : Encyclopaedia Britannica INC , 1967.
版:14 /
LEADER 00545cam a2200169ua 4500
041 |a eng 
082 |a 030  |b PRE /EN 
100 |a Preece, Warren E. 
245 |a Encyclopaedia britannica vol-14 /   |c Warren E Preece.  |h Textual Documents 
250 |a 14 /   |b . 
260 |a Chicago :   |b Encyclopaedia Britannica INC ,   |c 1967. 
300 |a 1140 ; . 
504
541 |e 12004  
942 |c BK 
999 |c 33760  |d 33760 
952 |0 0  |1 0  |4 0  |6 030_000000000000000  |7 0  |9 44335  |a KAUAET  |b KAUAET   |d 2012-04-07  |m 0  |o 030  |p KAU_KCAET-12004  |r 2012-04-07  |w 2012-04-07  |y BK